Statistics for Friends by Justin Bieber Lyrics Quiz

Click here to take the quiz!

General Stats

  • This quiz has been taken 77 times
  • The average score is 10 of 15

Answer Stats

HintAnswer% Correct
I was wonderin bout ___ ____your mama
91%
So I'm wonderin, can we ___ __ friends?still be
88%
And if it ends, ___ __ __ ____can we be friends
84%
Did she get ____ ____ she wanted?that job
84%
I'm just curious bout her, ___honest
82%
____'_ have to endDoesnt
79%
But you know we ___ _____ so goodhad something
76%
Know we didnt __ ___ __ ___end this so good
67%
Wonderin if you got a ____body
60%
Like I got _____ _____ulterior motives
55%
___ that car that gave her problems?Sell
54%
Know you're _______ ___ I been callinwonderin why
52%
_______ ___'_ ________ _____actually dont answer that
51%
Wonderin if you ____ ___ __think about me
48%
To ___ __ _____ since I lefthold her tighter
1%

Score Distribution

Percentile by Number Answered

Percent of People with Each Score

Your Score History

You have not taken this quiz